logo

Bir Sreshtho Munshi Abdur Rouf Library
Jhenaidah Cadet College

Folk Tales of Bangladesh / (Record no. 4199)

MARC details
000 -LEADER
fixed length control field 00517nam a2200205 a 4500
001 - CONTROL NUMBER
JCCL Control Number 4199
003 - CONTROL NUMBER IDENTIFIER
JCCL marc code BD-JhCC
005 - DATE AND TIME OF LATEST TRANSACTION
control field 20171126093052.0
008 - FIXED-LENGTH DATA ELEMENTS--GENERAL INFORMATION
fixed length control field 171123s1967 bg |||| |||| 000 0 eng d
035 ## - SYSTEM CONTROL NUMBER
system control number (BD-JhCC)
040 ## - CATALOGING SOURCE
Original cataloging agency BD-JhCC
Modifying agency BD-JhCC
041 ## - LANGUAGE CODE
Language code of Book eng
082 ## - DEWEY DECIMAL CLASSIFICATION NUMBER
Classification number 398.21
Author mark and Year UDD 1967
100 ## - MAIN ENTRY--PERSONAL NAME
Personal name Uddin, Jasim
245 ## - TITLE STATEMENT
Title Folk Tales of Bangladesh /
Statement of responsibility, etc Jasim Uddin
260 ## - PUBLICATION, DISTRIBUTION, ETC. (IMPRINT)
Place of publication, distribution, etc Pakistan :
Name of publisher, distributor, etc Oxford University Press, Dhaka;
Date of publication, distribution, etc 1967
300 ## - PHYSICAL DESCRIPTION
Pagination 109 p.;
Dimensions 16 cm
650 ## - SUBJECT ADDED ENTRY--TOPICAL TERM
Topical term or geographic name as entry element Folk tales
942 ## - ADDED ENTRY ELEMENTS (KOHA)
Source of classification or shelving scheme Dewey Decimal Classification
Koha item type Books
Holdings
Source of classification or shelving scheme Damaged status Not for loan Home library Current library Shelving location Date of accession Total Checkouts Full call number Barcode Date last seen Copy number Koha item type
Dewey Decimal Classification     JCC Rouf Library JCC Rouf Library General Stacks 11/23/2017   398.21 UDD 1967 5555 11/23/2017 C-1 Books

JCC Library | Contacts | JCC Home

Last Update on 23 September 2017
Copyright @ 2017-2020 JCC Rouf Library
Rouf Library, Jhenidah Cadet College (JCC), Bangladesh